[Event "Landesklasse West 2024/25"]
[Site "?"]
[Date "2025.03.02"]
[Round "6.5"]
[White "Leithoff, Hans-Georg"]
[Black "Frank, Thomas"]
[Result "0-1"]
[WhiteElo "1640"]
[BlackElo "1816"]
[PlyCount "106"]
[EventDate "2024.09.15"]
[EventType "team-tourn"]
[EventRounds "9"]
[WhiteTeam "SV Wartburgstadt Eisenach"]
[BlackTeam "SC Rochade Leinefelde"]

{[%evp 0,106,20,19,51,52,51,48,52,50,39,31,62,67,56,89,72,72,94,45,71,37,48,36,39,9,-2,-2,8,-26,-5,-12,-21,-52,-52,-87,-19,-50,-36,-36,-20,-20,-19,-26,-27,-33,-28,-36,-38,-51,4,20,34,24,24,27,40,-170,-17,-38,3,-57,-40,-40,-32,-48,-22,-89,-44,-14,0,-3,-26,-363,-387,-387,-393,-379,-138,-163,-171,-171,-139,-171,-196,-193,-151,-193,-166,-192,-67,-223,-17,-169,-161,-139,-136,-232,-3,-126,-126,-245,-272,-433,-556,-707,-804,-908,-1057]} 1. e4 c5 2. Nf3 e6 3. Nc3 Nc6 4. d4 cxd4 5. Nxd4 Qc7 6. Ndb5 Qb8 7. Be3 a6 8. Nd4 Nge7 9. Na4 Qc7 10. Nb3 b5 11. Nc3 Ng6 12. a4 b4 13. Ne2 Be7 14. Ned4 O-O 15. Bd3 Bb7 16. Nxc6 Bxc6 17. a5 d6 18. Bb6 Qb7 19. f3 Bh4+ 20. g3 Bd8 21. Bxd8 Rfxd8 22. Nd4 Bd7 23. Qe2 Ne5 24. f4 Nc6 25. Nb3 g6 26. O-O Ne7 27. Rfd1 Bc6 28. e5 dxe5 29. Qxe5 Qa7+ 30. Kf1 Nd5 31. Re1 Rac8 32. Qd4 Qa8 33. Nc5 Nc7 34. Qxb4 Rb8 35. Qc3 Bb5 36. Bxb5 Qh1+ 37. Kf2 Qxh2+ 38. Kf3 Qh5+ 39. Kg2 Nxb5 40. Qe3 Nd4 41. Qc3 Qd5+ 42. Kf2 Nb5 43. Qe3 Nd4 44. Qc3 Rbc8 45. Re5 Qc6 46. Rd1 Nb5 47. Rxd8+ Rxd8 48. Qe3 Nd4 49. c3 Nf5 50. Qe2 Qh1 51. Ne4 Rd1 52. Rxf5 gxf5 53. Nf6+ Kg7 0-1

[Event "Landesklasse West 2024/25"]
[Site "?"]
[Date "2025.03.02"]
[Round "6.6"]
[White "Körner, Jonas"]
[Black "Pinnau, Hannes"]
[Result "1-0"]
[WhiteElo "1583"]
[BlackElo "1630"]
[PlyCount "80"]
[EventDate "2024.09.15"]
[EventType "team-tourn"]
[EventRounds "9"]
[WhiteTeam "SC Rochade Leinefelde"]
[BlackTeam "SV Wartburgstadt Eisenach"]

{[%evp 0,80,20,19,80,65,74,69,52,52,70,30,68,44,28,24,42,44,46,46,52,31,38,57,62,59,81,75,87,87,128,157,170,103,173,26,128,120,115,116,212,205,232,220,220,215,291,192,239,248,248,270,269,141,146,123,123,123,270,230,419,406,391,392,730,722,727,747,1329,1402,1526,1171,1193,1198,1483,1788,2475,2475,2632,2571,2629,29988,29997]} 1. e4 c6 2. d4 d5 3. e5 Bf5 4. Nf3 e6 5. Be2 c5 6. c3 Nc6 7. O-O Rc8 8. Be3 cxd4 9. Nxd4 Nxd4 10. cxd4 a6 11. Nc3 Ne7 12. Rc1 Nc6 13. g4 Bg6 14. f4 Be4 15. Nxe4 dxe4 16. Qa4 Qd7 17. Rc3 Ne7 18. Rxc8+ Nxc8 19. Qc2 h5 20. f5 Ne7 21. Qxe4 Qd5 22. Qc2 hxg4 23. Bxg4 Qd7 24. fxe6 fxe6 25. Qf2 Nd5 26. Bf3 Bb4 27. Bd2 Bxd2 28. Qxd2 Rh6 29. Qg5 Qf7 30. Be4 Qe7 31. Bg6+ Kd8 32. Rf8+ Kd7 33. Rf7 Kc6 34. Rxe7 Nxe7 35. Be8+ Kd5 36. Qxe7 Rxh2 37. Kxh2 Ke4 38. Qxe6 Kf3 39. Qf5+ Ke2 40. Qe4+ Kf1 1-0

[Event "Landesklasse West 2024/25"]
[Site "?"]
[Date "2025.03.02"]
[Round "6.8"]
[White "Azakeer, Omar"]
[Black "Anschütz, Bernd"]
[Result "1/2-1/2"]
[WhiteElo "1343"]
[BlackElo "1678"]
[PlyCount "32"]
[EventDate "2024.09.15"]
[EventType "team-tourn"]
[EventRounds "9"]
[WhiteTeam "SC Rochade Leinefelde"]
[BlackTeam "SV Wartburgstadt Eisenach"]

{[%evp 0,32,20,-16,-10,-28,4,-2,10,-13,11,16,43,38,54,39,45,44,50,38,34,17,17,17,28,28,39,-26,-1,18,17,17,16,-12,-11]} 1. b3 Nf6 2. Bb2 c5 3. c4 d6 4. g3 Bd7 5. Bg2 Bc6 6. Nf3 e5 7. d3 g6 8. O-O Bg7 9. e3 O-O 10. d4 exd4 11. exd4 cxd4 12. Bxd4 d5 13. c5 Nbd7 14. Nc3 Ne4 15. Bxg7 Kxg7 16. Qd4+ Qf6 1/2-1/2

[Event "Landesklasse West 2024/25"]
[Site "?"]
[Date "2025.03.02"]
[Round "6.1"]
[White "Tuhacek, Christian"]
[Black "Königsmann, Marcus"]
[Result "0-1"]
[WhiteElo "1878"]
[BlackElo "1921"]
[PlyCount "64"]
[EventDate "2024.09.15"]
[EventType "team-tourn"]
[EventRounds "9"]
[WhiteTeam "VfB 1919 Vacha"]
[BlackTeam "SC 1951 Nordhausen"]

{[%evp 0,64,20,20,20,20,55,38,67,58,105,100,172,162,162,100,100,91,92,92,88,96,96,67,81,78,78,83,82,76,101,61,101,88,76,108,-48,-79,-56,-36,-84,-66,-78,-173,-189,-197,-215,-211,-234,-441,-521,-501,-537,-528,-526,-488,-498,-559,-565,-623,-651,-717,-725,-741,-1156,-1187,-1198]} 1. Nc3 d5 2. d4 c5 3. Bf4 Nc6 4. e3 Nf6 5. Nb5 Qa5+ 6. c3 e5 7. dxe5 c4 8. Nc7+ Qxc7 9. exf6 Qb6 10. fxg7 Bxg7 11. Qc2 Bf5 12. Qd2 O-O 13. Nf3 Rfe8 14. Be2 Qc5 15. Nh4 Be6 16. Qc2 d4 17. cxd4 Bxd4 18. exd4 Nxd4 19. Qc3 Bg4 20. Be3 Nxe2 21. Qf6 Rxe3 22. fxe3 Qxe3 23. Qf2 Qe5 24. Nf3 Bxf3 25. gxf3 Ng3+ 26. Kd1 Nxh1 27. Qg2+ Kh8 28. Kc2 Qf5+ 29. Kc1 Rd8 30. Qxh1 Qf4+ 31. Kb1 Rd2 32. a4 Qd4 0-1

[Event "Landesklasse West 2024/25"]
[Site "?"]
[Date "2025.03.02"]
[Round "6.4"]
[White "Wabersich, Titus"]
[Black "Schubert, Ralf"]
[Result "1-0"]
[WhiteElo "1599"]
[BlackElo "1400"]
[PlyCount "99"]
[EventDate "2024.09.15"]
[EventType "team-tourn"]
[EventRounds "9"]
[WhiteTeam "SC 1951 Nordhausen"]
[BlackTeam "VfB 1919 Vacha"]

{[%evp 0,99,23,23,23,22,23,18,20,1,18,13,33,53,60,18,29,36,44,4,4,7,13,13,25,30,27,25,21,-40,8,-42,28,27,31,32,22,-30,-4,2,2,-4,0,-6,33,33,18,21,63,63,64,67,80,81,103,101,116,128,125,114,115,92,83,84,103,-3,137,74,124,51,126,38,51,58,112,108,110,101,111,93,100,87,103,115,116,105,107,94,125,107,128,123,151,145,220,178,170,173,180,111,414,466]} 1. d4 d5 2. Nc3 Nf6 3. Bf4 Bf5 4. f3 Nc6 5. g4 Bg6 6. h4 h6 7. Qd2 e6 8. e3 a6 9. Bd3 Bxd3 10. Qxd3 Bd6 11. Nge2 Bxf4 12. Nxf4 Qe7 13. O-O-O O-O-O 14. Na4 Nd7 15. Qc3 Qb4 16. Qxb4 Nxb4 17. a3 Nc6 18. Nd3 Rhe8 19. f4 Nf6 20. g5 Ne4 21. Nac5 Ne7 22. Nxe4 dxe4 23. Nf2 Nd5 24. Kd2 f5 25. gxf6 Nxf6 26. Rhg1 Rd7 27. Ke2 Red8 28. Rg6 Re8 29. Rdg1 Ree7 30. c4 b6 31. b4 c6 32. Kd2 Kc7 33. Kc3 Kb7 34. R6g2 Kc7 35. Kb3 Kb7 36. Nd1 Kc7 37. Nc3 Kb7 38. a4 Kc7 39. Rc1 Kb7 40. b5 a5 41. bxc6+ Kxc6 42. Nb5 Kb7 43. Rb1 Kc6 44. Kc3 Rb7 45. Rgb2 Rf7 46. Kd2 Rfe7 47. Nc3 Rf7 48. Rb5 Rfc7 49. Re5 Kd6 50. Nb5+ 1-0

[Event "Landesklasse West 2024/25"]
[Site "?"]
[Date "2025.03.02"]
[Round "6.5"]
[White "Bock, Hans-Juergen"]
[Black "Rohde, Ragnar"]
[Result "1/2-1/2"]
[WhiteElo "1372"]
[BlackElo "1596"]
[PlyCount "109"]
[EventDate "2024.09.15"]
[EventType "team-tourn"]
[EventRounds "9"]
[WhiteTeam "VfB 1919 Vacha"]
[BlackTeam "SC 1951 Nordhausen"]

{[%evp 0,109,23,19,51,40,40,25,25,9,34,-6,26,-5,-11,-15,46,37,46,16,56,5,59,43,16,-19,-19,-43,-45,-39,-25,-30,-24,-23,-29,-29,-23,-31,-48,-23,-1,-1,-4,3,11,8,-4,-15,26,-10,-4,-4,-2,-25,-2,-10,-12,-42,-49,-59,-58,-64,-58,-56,-42,-34,-20,-83,-13,-77,-70,-77,-50,-61,-48,-87,-97,-153,-156,-161,-162,-166,-123,-135,-66,-70,-99,-129,-38,-182,-178,-297,-320,-345,-281,-383,-360,-407,-201,-267,0,-16,0,0,0,0,0,0,0,0,0,0]} 1. e4 e6 2. d4 d5 3. exd5 exd5 4. Bd3 Bd6 5. Ne2 Nf6 6. Bg5 c6 7. Nd2 Bg4 8. f3 Bh5 9. O-O Nbd7 10. Qe1 Qe7 11. Qh4 h6 12. Bxf6 Nxf6 13. Qf2 O-O 14. Rae1 Qc7 15. g3 Bg6 16. Bxg6 fxg6 17. Nc3 Rae8 18. Nd1 Qb6 19. Nb3 Nd7 20. Rxe8 Rxe8 21. Re1 Qd8 22. Rxe8+ Qxe8 23. Kf1 Qe6 24. Kg1 b6 25. Qe3 Kf7 26. Nc1 c5 27. Qxe6+ Kxe6 28. dxc5 bxc5 29. Nd3 c4 30. Ne1 d4 31. Kf1 Kd5 32. Ke2 Ne5 33. Ng2 Nc6 34. a3 g5 35. Ne1 a5 36. Kd2 g6 37. Ke2 h5 38. Kd2 h4 39. gxh4 gxh4 40. h3 Bg3 41. Ke2 Bxe1 42. Kxe1 Ke5 43. Kf2 Kf4 44. Kg2 Ne5 45. Nf2 Nxf3 46. Kf1 Ke3 47. Ng4+ Kd2 48. Kf2 Kxc2 49. Kxf3 d3 50. Ne3+ Kxb2 51. Nxc4+ Kc3 52. Ne3 Kd2 53. Nc4+ Kc3 54. Ne3 Kd2 55. Nc4+ 1/2-1/2

[Event "Landesklasse West 2024/25"]
[Site "?"]
[Date "2025.03.02"]
[Round "6.6"]
[White "Gülsdorff, Florian"]
[Black "Schmalz, Felix"]
[Result "1-0"]
[WhiteElo "1572"]
[BlackElo "1243"]
[PlyCount "97"]
[EventDate "2024.09.15"]
[EventType "team-tourn"]
[EventRounds "9"]
[WhiteTeam "SC 1951 Nordhausen"]
[BlackTeam "VfB 1919 Vacha"]

{[%evp 0,97,23,23,85,59,63,39,78,39,41,46,33,19,38,44,17,5,2,2,2,6,6,8,19,-17,32,32,24,39,34,40,44,41,47,48,58,48,48,42,67,69,67,84,86,83,88,90,90,73,73,73,74,70,71,71,72,73,79,80,76,68,69,46,51,51,61,66,68,57,80,71,71,73,86,70,79,80,89,89,94,87,105,109,252,198,326,354,360,434,441,340,407,522,1071,1276,1548,2445,2428,2428]} 1. d4 d6 2. Nc3 Nf6 3. Bf4 g6 4. e3 Bg7 5. h3 O-O 6. Bd3 Nbd7 7. Nf3 Re8 8. Bg3 e5 9. dxe5 Nxe5 10. Nxe5 dxe5 11. O-O c6 12. Bc4 Be6 13. Bxe6 Rxe6 14. Qxd8+ Rxd8 15. Rad1 Rxd1 16. Rxd1 Kf8 17. Bh4 h6 18. Bxf6 Bxf6 19. Ne4 Bg7 20. Nc5 Re7 21. Rd8+ Re8 22. Nxb7 Ke7 23. Rxe8+ Kxe8 24. Nd6+ Ke7 25. Nc4 e4 26. c3 Ke6 27. Kf1 Kd5 28. Nd2 Be5 29. Ke2 f5 30. Nb3 c5 31. Kd2 Bc7 32. Kc2 a5 33. Nd2 Bh2 34. c4+ Kc6 35. Kd1 Be5 36. b3 Bc3 37. Nb1 Be5 38. Kd2 g5 39. Nc3 Bxc3+ 40. Kxc3 f4 41. Kd2 Kb6 42. f3 fxe3+ 43. Kxe3 exf3 44. Kxf3 a4 45. Ke4 a3 46. Kd5 h5 47. g4 h4 48. Kd6 Ka5 49. Kxc5 1-0

[Event "Landesklasse West 2024/25"]
[Site "?"]
[Date "2025.03.02"]
[Round "6.7"]
[White "Medda, Daniel"]
[Black "Onnen, Erik"]
[Result "1-0"]
[WhiteElo "1333"]
[BlackElo "1516"]
[PlyCount "71"]
[EventDate "2024.09.15"]
[EventType "team-tourn"]
[EventRounds "9"]
[WhiteTeam "VfB 1919 Vacha"]
[BlackTeam "SC 1951 Nordhausen"]

{[%evp 0,71,23,19,75,81,57,68,58,60,76,19,19,23,40,24,39,31,19,-14,25,-17,46,-20,240,253,257,254,335,322,322,320,320,264,280,253,239,221,221,215,216,203,235,207,266,267,275,260,260,258,293,326,439,448,497,532,494,432,433,455,460,460,617,540,545,590,585,543,762,552,645,717,736,755]} 1. e4 b6 2. d4 Bb7 3. Bd3 e6 4. Nf3 Nf6 5. Nbd2 Be7 6. O-O d6 7. Re1 Nbd7 8. c4 e5 9. d5 Nc5 10. Bf1 Qd7 11. a4 c6 12. b4 Ncxe4 13. Nxe4 c5 14. Nxf6+ Bxf6 15. bxc5 bxc5 16. Re4 h6 17. a5 Ba6 18. Qa4 Rb8 19. Qxd7+ Kxd7 20. Ba3 g5 21. h3 Rh7 22. Nd2 Bg7 23. Ree1 f5 24. Rab1 Rbh8 25. g4 f4 26. Bd3 h5 27. Bxh7 Rxh7 28. f3 hxg4 29. hxg4 Rh8 30. Kg2 Bf8 31. Rh1 Rxh1 32. Rxh1 Be7 33. Kf2 Bd8 34. Ke2 Kc8 35. Kd3 Bxa5 36. Ne4 1-0

[Event "Landesklasse West 2024/25"]
[Site "?"]
[Date "2025.03.02"]
[Round "6.8"]
[White "Schimm, Justin"]
[Black "Stepper, Matthias"]
[Result "1-0"]
[WhiteElo "1395"]
[BlackElo "1575"]
[PlyCount "61"]
[EventDate "2024.09.15"]
[EventType "team-tourn"]
[EventRounds "9"]
[WhiteTeam "SC 1951 Nordhausen"]
[BlackTeam "VfB 1919 Vacha"]

{[%evp 0,61,23,19,73,75,59,45,32,23,33,31,31,35,53,39,56,53,43,58,38,25,24,16,10,-1,34,54,36,48,77,65,93,81,68,81,136,90,69,120,181,183,237,246,253,264,294,289,280,281,336,295,329,305,261,292,291,296,458,472,471,445,764,797]} 1. e4 c6 2. Nf3 d5 3. Nc3 dxe4 4. Nxe4 Nf6 5. Nxf6+ exf6 6. d4 Bd6 7. Bd3 O-O 8. O-O Re8 9. c4 Bg4 10. Be3 Nd7 11. c5 Bc7 12. b4 Bxf3 13. Qxf3 a6 14. Rfd1 Nf8 15. Bf5 g6 16. Bc2 Qe7 17. Bb3 Rad8 18. d5 cxd5 19. Bxd5 Qe5 20. g3 Rxd5 21. Qxd5 Qxd5 22. Rxd5 Ra8 23. Bd4 Kg7 24. Re1 Rc8 25. Bb2 h6 26. a4 Ne6 27. Rd7 Nf8 28. Rde7 Be5 29. Bxe5 fxe5 30. R1xe5 Ne6 31. R5xe6 1-0

[Event "Thüringenliga 2024/25"]
[Site "?"]
[Date "2025.03.30"]
[Round "7.1"]
[White "Recknagel, Michael"]
[Black "Aniol, Adrian"]
[Result "1-0"]
[WhiteElo "2084"]
[BlackElo "1960"]
[PlyCount "65"]
[EventDate "2024.09.15"]
[EventType "team-tourn"]
[EventRounds "9"]
[WhiteTeam "SC Suhl"]
[BlackTeam "VfL 1990 Gera"]

{[%evp 0,65,20,11,60,44,53,29,44,34,107,44,40,7,21,29,73,58,64,47,33,36,62,11,122,124,108,120,114,89,157,111,152,148,159,150,167,168,168,168,162,162,170,115,114,77,139,140,141,141,389,374,381,453,453,822,996,374,374,370,444,370,375,375,375,201,897,918]} 1. e4 c5 2. b3 Nc6 3. Bb2 e5 4. Bb5 Qg5 5. Kf1 d6 6. h4 Qg6 7. Nc3 Bd7 8. h5 Qg5 9. Nd5 Qd8 10. Ne2 Be7 11. Ng3 Nd4 12. Bxd7+ Qxd7 13. Bxd4 cxd4 14. Nf5 Bf6 15. c3 g6 16. Nh6 Bg7 17. Nxg8 Rxg8 18. cxd4 exd4 19. Rc1 Rc8 20. d3 g5 21. Rc2 f5 22. Kg1 Kf7 23. h6 Rxc2 24. hxg7 Rcc8 25. Qh5+ Ke6 26. Qh6+ Kf7 27. Qh5+ Ke6 28. Qxg5 Qf7 29. Rh6+ Kd7 30. Nf6+ Kc7 31. Nxg8 Rxg8 32. Qxf5 Qxg7 33. Rxh7 1-0

[Event "Thüringenliga 2024/25"]
[Site "?"]
[Date "2025.03.30"]
[Round "7.2"]
[White "Seidens, Gunter"]
[Black "Berghof, Axel"]
[Result "1-0"]
[WhiteElo "1929"]
[BlackElo "2042"]
[PlyCount "69"]
[EventDate "2024.09.15"]
[EventType "team-tourn"]
[EventRounds "9"]
[WhiteTeam "VfL 1990 Gera"]
[BlackTeam "SC Suhl"]

{[%evp 0,56,33,19,37,29,20,18,20,-6,-6,-4,0,-25,-24,-21,-6,1,3,-16,-9,-3,-9,-61,-14,-33,-7,-27,-8,-35,-26,-28,-24,-26,-23,-24,-38,-73,-30,-46,-39,-39,68,-39,-59,-125,-130,-113,149,64,178,35,275,193,193,257,565,424,416]} 1. d4 e6 2. Nf3 d5 3. g3 c5 4. Bg2 Nc6 5. O-O Nf6 6. b3 cxd4 7. Nxd4 Bc5 8. Bb2 O-O 9. e3 Bd7 10. Nd2 Rc8 11. Qf3 Ne5 12. Qd1 Ng6 13. c4 dxc4 14. Nxc4 b5 15. Nd2 e5 16. N4f3 Qe7 17. a3 Rfd8 18. Qe2 a6 19. e4 Bg4 20. h3 Rxd2 21. Qxd2 Nxe4 22. Qd5 Bxf3 23. Bxf3 Nxg3 24. Rfc1 Qg5 25. Kh2 Nh5 26. Rxc5 Qf4+ 27. Kg2 Qf5 28. Rxc8+ Qxc8 29. Bg4 Nhf4+ 30. Kf1 Qc2 31. Qd8+ Nf8 32. Bxe5 Nd3 33. Bd4 h5 34. Bf5 Qd2 35. Bc5 1-0

[Event "Thüringenliga 2024/25"]
[Site "?"]
[Date "2025.03.30"]
[Round "7.3"]
[White "Koch, Stefan"]
[Black "Huster, Mike"]
[Result "1/2-1/2"]
[WhiteElo "1902"]
[BlackElo "1932"]
[PlyCount "37"]
[EventDate "2024.09.15"]
[EventType "team-tourn"]
[EventRounds "9"]
[WhiteTeam "SC Suhl"]
[BlackTeam "VfL 1990 Gera"]

{[%evp 0,37,29,33,36,36,36,36,56,42,50,34,37,29,44,47,54,28,52,48,46,50,89,64,53,45,41,41,49,42,61,-13,-17,1,0,0,0,-31,-26,-26]} 1. e4 d5 2. exd5 Nf6 3. d4 Nxd5 4. Nf3 Bg4 5. Be2 e6 6. O-O Be7 7. c4 Nb6 8. h3 Bf5 9. Qb3 Qc8 10. Nc3 c5 11. Be3 O-O 12. a4 Na6 13. a5 Nd7 14. Rfd1 Nb4 15. Ne1 cxd4 16. Bxd4 Nc6 17. Be3 Nc5 18. Bxc5 Bxc5 19. Nf3 1/2-1/2

[Event "Thüringenliga 2024/25"]
[Site "?"]
[Date "2025.03.30"]
[Round "7.4"]
[White "Aniol, Nico"]
[Black "Trautmann, Johannes"]
[Result "1-0"]
[WhiteElo "1983"]
[BlackElo "1818"]
[PlyCount "63"]
[EventDate "2024.09.15"]
[EventType "team-tourn"]
[EventRounds "9"]
[WhiteTeam "VfL 1990 Gera"]
[BlackTeam "SC Suhl"]

{[%evp 0,58,29,25,46,6,11,11,15,14,33,8,20,24,36,-11,-13,-13,-17,5,2,-10,-17,1,-3,-4,0,-24,-20,-31,-27,-21,37,17,35,35,37,33,31,24,44,27,49,67,40,38,131,166,166,160,164,178,182,189,199,207,276,217,220,258,233]} 1. e4 c5 2. c3 Nf6 3. e5 Nd5 4. d4 cxd4 5. cxd4 d6 6. Nf3 Nc6 7. exd6 Qxd6 8. Nc3 Bf5 9. Bd3 Bxd3 10. Qxd3 Ndb4 11. Qe2 e6 12. Be3 Be7 13. O-O O-O 14. Rfd1 Nd5 15. Rac1 Nxc3 16. bxc3 Bf6 17. c4 Rfd8 18. d5 exd5 19. cxd5 Ne5 20. Nd4 a6 21. Nb3 Nd7 22. Na5 Qe5 23. Nxb7 Rdc8 24. Rxc8+ Rxc8 25. Qxa6 Qc7 26. h3 Rb8 27. Nd6 Nc5 28. Bxc5 Qxc5 29. Ne4 Qc2 30. Nxf6+ gxf6 31. Qd3 Qxa2 32. Qg3+ 1-0

[Event "Thüringenliga 2024/25"]
[Site "?"]
[Date "2025.03.30"]
[Round "7.5"]
[White "Ansorg, Nico"]
[Black "Schönfeld, Volker"]
[Result "1/2-1/2"]
[WhiteElo "1801"]
[BlackElo "1825"]
[PlyCount "47"]
[EventDate "2024.09.15"]
[EventType "team-tourn"]
[EventRounds "9"]
[WhiteTeam "SC Suhl"]
[BlackTeam "VfL 1990 Gera"]

{[%evp 0,47,29,37,20,-16,47,37,83,29,50,26,7,18,9,11,69,27,7,34,9,2,1,-5,1,-17,-9,-41,-82,-83,-65,-86,-76,-89,-78,-134,-54,-54,22,19,32,100,66,111,85,82,58,54,114,17]} 1. d4 Nf6 2. c4 g6 3. Nc3 d5 4. e3 Bg7 5. h3 O-O 6. Nf3 c5 7. dxc5 Qa5 8. Bd2 Qxc5 9. cxd5 Nxd5 10. Rc1 Nc6 11. Na4 Qd6 12. Be2 e5 13. Bc3 Rd8 14. O-O Qe7 15. Qc2 Be6 16. b3 Rac8 17. Qb1 a6 18. Bb2 Qb4 19. Nc5 Nc7 20. Qa1 Re8 21. Rfd1 f6 22. Rd6 Rcd8 23. Rxd8 Rxd8 24. Ne1 1/2-1/2

[Event "Thüringenliga 2024/25"]
[Site "?"]
[Date "2025.03.30"]
[Round "7.7"]
[White "Will, Ralph"]
[Black "Fijalkowski, Jürgen"]
[Result "0-1"]
[WhiteElo "1735"]
[BlackElo "1782"]
[PlyCount "46"]
[EventDate "2024.09.15"]
[EventType "team-tourn"]
[EventRounds "9"]
[WhiteTeam "SC Suhl"]
[BlackTeam "VfL 1990 Gera"]

{[%evp 0,46,36,35,20,-16,-16,-4,6,10,53,-9,31,31,24,3,-3,4,33,35,57,37,19,20,54,56,79,35,31,6,79,-81,-85,-74,-94,-91,-102,-137,-92,-366,-348,-455,-469,-469,-488,-488,-480,-511,-546]} 1. d4 d5 2. c4 e6 3. Nf3 Nf6 4. Nc3 c6 5. g3 Bd6 6. Bg2 Nbd7 7. Qb3 O-O 8. O-O dxc4 9. Qxc4 e5 10. Bg5 exd4 11. Qxd4 Be7 12. Rfd1 Re8 13. e3 Qb6 14. Rab1 Nc5 15. Na4 Nxa4 16. Qxa4 Bf5 17. Rbc1 Qxb2 18. Nd4 Bg6 19. Qc4 Ng4 20. Nxc6 Qxf2+ 21. Kh1 Bxg5 22. Qxg4 Bxe3 23. Ne7+ Rxe7 0-1

[Event "Thüringenliga 2024/25"]
[Site "?"]
[Date "2025.03.30"]
[Round "7.8"]
[White "Walther, Thomas"]
[Black "Piske, Justus"]
[Result "1/2-1/2"]
[WhiteElo "1769"]
[BlackElo "1408"]
[PlyCount "81"]
[EventDate "2024.09.15"]
[EventType "team-tourn"]
[EventRounds "9"]
[WhiteTeam "VfL 1990 Gera"]
[BlackTeam "SC Suhl"]

{[%evp 0,81,35,36,72,74,52,53,45,26,26,30,26,-44,5,-24,-16,-40,18,-19,4,-28,8,-34,-32,-39,-42,-16,-4,-41,-49,-63,-59,-64,-37,-17,-13,-47,-19,-13,-21,-26,-16,-31,-22,-28,-7,-37,-7,-19,2,-27,-27,-25,-25,-31,-37,-69,-28,-46,-27,-27,-31,-31,-28,-25,56,8,8,3,47,30,45,52,89,14,8,19,25,-20,0,-42,-48,-45]} 1. e4 c6 2. d4 d5 3. exd5 cxd5 4. Bd3 Nc6 5. c3 Nf6 6. Be3 e6 7. f4 Bd6 8. Nd2 Qc7 9. Qf3 h5 10. h3 Bd7 11. g3 Ne7 12. Ne2 Nf5 13. Bf2 Qb6 14. Rb1 Bb5 15. O-O Bxd3 16. Qxd3 Rc8 17. Kg2 Qc6 18. Ng1 Be7 19. Ngf3 Nd6 20. Ne5 Qc7 21. Bg1 Qa5 22. a3 g6 23. Qe3 Nf5 24. Qf3 Qa4 25. Rfe1 Nd6 26. Qe2 Qc2 27. Rec1 Qf5 28. Nef3 Nfe4 29. Be3 Nxd2 30. Nxd2 Kd7 31. b3 a6 32. c4 dxc4 33. Nxc4 Nxc4 34. bxc4 Qe4+ 35. Qf3 Qxf3+ 36. Kxf3 Rb8 37. Rb3 b5 38. Rcb1 Kc6 39. cxb5+ Rxb5 40. Ke4 Rhb8 41. Rc1+ 1/2-1/2

[Event "Thüringenliga 2024/25"]
[Site "?"]
[Date "2025.03.30"]
[Round "7.1"]
[White "Zipfel, Frank"]
[Black "Hoffmann, Tim"]
[Result "0-1"]
[WhiteElo "2008"]
[BlackElo "2139"]
[PlyCount "60"]
[EventDate "2024.09.15"]
[EventType "team-tourn"]
[EventRounds "9"]
[WhiteTeam "fuß brothers Jena"]
[BlackTeam "ESV Gera"]

{[%evp 0,60,20,11,53,51,86,80,58,62,57,52,40,21,23,36,31,20,33,38,34,35,40,-27,-12,-16,25,6,9,9,35,11,15,12,-2,-13,-14,-18,-11,-68,-85,-95,-34,-82,-15,-30,-17,-52,11,-31,15,-75,-76,-103,-95,-106,-128,-122,-107,-509,-548,-560,-572]} 1. e4 c5 2. Nf3 d6 3. d4 cxd4 4. Qxd4 Nc6 5. Qe3 Nf6 6. Be2 g6 7. O-O Bg7 8. h3 O-O 9. Nc3 a6 10. Rd1 Qc7 11. Nd5 Nxd5 12. exd5 Ne5 13. Nxe5 Bxe5 14. c3 b5 15. a4 Bd7 16. axb5 axb5 17. Rxa8 Rxa8 18. Qd3 Ra2 19. h4 Qa5 20. h5 Qa4 21. h6 Kf8 22. Qe3 Ra1 23. g3 f5 24. Kg2 Kf7 25. Bf3 b4 26. Re1 bxc3 27. bxc3 Qc2 28. Bd2 Ra2 29. Re2 Bb5 30. c4 Bxc4 0-1

[Event "Thüringenliga 2024/25"]
[Site "?"]
[Date "2025.03.30"]
[Round "7.2"]
[White "Helmsdorf, Marius"]
[Black "Latka, Richard"]
[Result "1-0"]
[WhiteElo "1994"]
[BlackElo "1903"]
[PlyCount "67"]
[EventDate "2024.09.15"]
[EventType "team-tourn"]
[EventRounds "9"]
[WhiteTeam "ESV Gera"]
[BlackTeam "fuß brothers Jena"]

{[%evp 0,67,20,22,27,22,20,26,45,10,17,-29,-26,-35,-11,-30,29,36,10,-1,77,96,105,104,151,151,245,226,262,197,274,165,155,145,175,102,196,188,206,145,347,471,708,708,471,489,501,518,511,520,522,522,522,544,565,543,556,595,1169,1199,1273,1356,1511,1604,1948,1989,2516,2910,29989,29990]} 1. d4 Nf6 2. Nc3 d5 3. Bf4 g6 4. Qd2 Bg7 5. Bh6 O-O 6. O-O-O c6 7. f3 Re8 8. Bxg7 Kxg7 9. e4 a5 10. e5 Ng8 11. h4 a4 12. h5 b5 13. Bd3 b4 14. Nce2 b3 15. Kb1 bxa2+ 16. Ka1 Na6 17. Nf4 e6 18. hxg6 hxg6 19. g4 Rb8 20. Bxg6 fxg6 21. Qh2 Re7 22. Qh7+ Kf8 23. Nxg6+ Ke8 24. Qxg8+ Kd7 25. Qxd8+ Kxd8 26. Nxe7 Kxe7 27. Rh7+ Kd8 28. g5 Nb4 29. g6 Nxc2+ 30. Kxa2 Ke8 31. Rh8+ Ke7 32. g7 a3 33. bxa3 Ba6 34. Rxb8 1-0

[Event "Thüringenliga 2024/25"]
[Site "?"]
[Date "2025.03.30"]
[Round "7.3"]
[White "Wicklein, Stefan"]
[Black "Puschendorf, Steffen"]
[Result "1/2-1/2"]
[WhiteElo "1970"]
[BlackElo "1940"]
[PlyCount "52"]
[EventDate "2024.09.15"]
[EventType "team-tourn"]
[EventRounds "9"]
[WhiteTeam "fuß brothers Jena"]
[BlackTeam "ESV Gera"]

{[%evp 0,52,20,18,18,3,9,9,24,-1,21,-24,9,24,38,14,22,10,38,25,64,13,-1,4,5,-6,13,12,48,28,46,19,17,15,16,-9,5,25,79,93,103,32,95,32,53,-9,17,12,7,-12,0,10,10,-31,-18]} 1. d4 d5 2. c4 e6 3. Nf3 c6 4. Qc2 Nf6 5. g3 Bb4+ 6. Bd2 Be7 7. Bg2 O-O 8. O-O Ne4 9. Bf4 f5 10. Bxb8 Rxb8 11. e3 Bd7 12. Nbd2 Be8 13. Ne5 Qa5 14. Ndf3 Rc8 15. Qb3 Qc7 16. Rac1 Bh5 17. Rc2 Bf6 18. Nd3 Bf7 19. Nfe5 g5 20. Re1 Rcd8 21. cxd5 exd5 22. f4 Qe7 23. Qa4 a6 24. b4 Nd6 25. Qb3 Nc4 26. Rce2 Rc8 1/2-1/2

[Event "Thüringenliga 2024/25"]
[Site "?"]
[Date "2025.03.30"]
[Round "7.5"]
[White "Götting, Danilo"]
[Black "Kupper, Matthias"]
[Result "1/2-1/2"]
[WhiteElo "1725"]
[BlackElo "1748"]
[PlyCount "26"]
[EventDate "2024.09.15"]
[EventType "team-tourn"]
[EventRounds "9"]
[WhiteTeam "fuß brothers Jena"]
[BlackTeam "ESV Gera"]

{[%evp 0,26,20,11,53,6,42,24,26,31,56,43,75,32,33,41,71,49,55,40,69,67,57,22,21,9,-11,-66,-63]} 1. e4 c5 2. c3 d6 3. d4 Nf6 4. Bd3 Nc6 5. Nf3 Bg4 6. Be3 Qb6 7. Qc2 Bxf3 8. gxf3 O-O-O 9. Nd2 cxd4 10. cxd4 d5 11. e5 Nd7 12. Nb3 Kb8 13. O-O-O Nb4 1/2-1/2